Statistics for Authors by Book Titles

Click here to take the quiz!

General Stats

  • This quiz has been taken 457 times
    (445 since last reset)
  • The average score is 29 of 47

Answer Stats

HintAnswer% Correct
Harry Potter SeriesJ.K. Rowling
94%
Great ExpectationsCharles Dickens
89%
Jane EyreCharlotte Bronte
89%
Wuthering HeightsEmily Bronte
89%
1984George Orwell
89%
Pride and PrejudiceJane Austen
89%
The Lord of the RingsJ.R.R. Tolkien
89%
To Kill a MockingbirdHarper Lee
88%
The Adventures of Huckleberry FinnMark Twain
87%
FrankensteinMary Shelley
87%
The Great GatsbyF. Scott Fitzgerald
86%
OthelloWilliam Shakespeare
86%
DraculaBram Stoker
80%
Anna KareninaLeo Tolstoy
80%
Les MiserablesVictor Hugo
80%
The Da Vinci CodeDan Brown
79%
The Grapes of WrathJohn Steinbeck
77%
The Picture of Dorian GrayOscar Wilde
77%
The Catcher in the RyeJ.D. Salinger
76%
CarrieStephen King
75%
Moby DickHerman Melville
73%
The Three MusketeersAlexandre Dumas
70%
UlyssesJames Joyce
70%
Don QuixoteMiguel de Cervantes
67%
The MetamorphosisFranz Kafka
62%
The Call of the WildJack London
61%
Catch-22Joseph Heller
60%
Gulliver's TravelsJonathan Swift
59%
The Scarlet LetterNathaniel Hawthorne
59%
The Sun Also RisesErnest Hemingway
58%
Slaughterhouse-FiveKurt Vonnegut
57%
Death of a SalesmanArthur Miller
55%
The Time MachineH.G. Wells
53%
In Cold BloodTruman Capote
53%
Uncle Tom's CabinHarriet Beecher Stowe
51%
Walden; Or Live in the WoodsHenry David Thoreau
45%
The Sound and the FuryWilliam Faulkner
39%
A Clockwork OrangeAnthony Burgess
37%
The FountainheadAyn Rand
36%
The Kite RunnerKhaled Hosseini
31%
The JungleUpton Sinclair
30%
The OutsidersS.E. Hinton
26%
Things Fall ApartChinua Achebe
24%
All Quiet on the Western FrontErich Maria Remarque
23%
The GiverLois Lowry
22%
An American TragedyTheodore Dreiser
11%
Fast Food NationEric Schlosser
5%

Score Distribution

Percentile by Number Answered

Percent of People with Each Score

Your Score History

You have not taken this quiz since the last reset